000 00824nas a2200277 4500
001 BR2012003589
003 BR-BrBNA
005 20231205120544.0
007 ta
008 230509b bl.|||p| |||| 00| 00por d
040 _aBR-BrBNA
_bpor
_cBiblioteca Nacional de Agricultura
041 _a(Pt)
072 _aF70
100 1 _aFlores, A.S.
100 1 _aMiotto, S.T.S.
245 1 _aO gênero Crotalaria L. (Leguminosae- Faboideae)na Região Sul do Brasil
650 _aCROTALARIA
650 _aLEGUMINOSAE
650 _aTAXONOMIA VEGETAL
650 _aDISTRIBUIÇÃO GEOGRÁFICA
650 _aHABITAT
650 _aFENOLOGIA
773 0 _tIheringia. Série Botânica (Brazil)
_xISSN 0073-4705
_g(Jun 2001), v. 55 p. 189-247
_wBR2012003589
909 _a202311
_bLúcia
_c55
_dLúcia Elande
942 _2AGRIS
_n0
_cANA
999 _c219112
_d219112